000 00603nam a22001577a 4500
008 160430b xxu||||| |||| 00| 0 eng d
082 _22013
_aUT 0409
_bC14
100 _96956
_aCamandona, Gretchen E.
245 _aIntegration of manipulative class discussion and students achievement in Math/
_cGretchen E. Camandona, Myra Flor C. Daub and Eiffel D. Tenebro.
260 _aDigps City:
_bUMDC
_cJanuary 2013.
300 _a32 pages;
_c29 cm.
650 0 _96958
_aEducation
_vMathematics
_xUndergraduate thesis.
700 _96960
_aDaub, Myra Flor C.
700 _96962
_aTenebro, Eiffel D.
942 _2ddc
_cUT
999 _c2141
_d2141